02566nam a2200421 i 450000100060000000300080000600500170001400600190003100700150005000800410006502000330010602000270013903500220016604000310018804300120021905000230023108000150025408200160026924502130028526400700049830000410056833600310060933700330064033800430067350400750071650508120079158800830160359001620168665000260184865100330187465500270190770000340193470000450196870000330201379700180204685600630206499900170212753935FINmELB20241216232521.0m o u cr cn|||||||||220708s2000 sp ob 001 0 spa d a8495107732q(Iberoamericana) a3893541195q(Vervuert) a(OCoLC)1336971335 aFINmELBbspaerdacFINmELB acl-----00aF1414.2bC668 2000 a008(7/8):104a980.03322300aContemporaneidad latinoamericana y análisis cultural :bconversaciones al encuentro de Walter Benjamin /c[organizados por] Jesús Martín-Barbero, Hermann Herlinghaus ; con un epílogo de Monika Walter. 1aMadrid :bIberoamericana ;aFrankfurt am Main :bVervuert,c2000. a1 recurso en línea (198 páginas) atextobtxt2rdacontent/spa acomputadorabc2rdamedia/spa arecurso en líneabcr2rdacarrier/spa aIncluye referencias bibliográficas (páginas [183]-193) e índice.0 aPágina legal -- Índice -- Agradecimientos -- Prólogo. Mis encuentros con Walter Benjamin -- Introducción. La aventura epistemológica de la comunicación con Jesús Martín-Barbero -- La crisis del hermeneuta o perspectivas transdisciplinares de la modernidad -- Modernidad y medios masivos en América Latina. Perspectivas comunicativas del análisis cultural -- Modernidades y destiempos latinoamericanos -- Des-ubicaciones de lo popular. Conversación -- Mesa redonda: Pensar desde los márgenes, nombrar desajustes del debate -- Itinerarios biográficos, caminos del pensar, modos de leer. Conversación -- Pensar, imaginar, narrar la comunicación. Una carta -- Epílogo: Regreso de Walter Benjamin a los tiempos del Sur ... -- Referencias Bibliográficas -- Índice Onomástico. aDescripción basada en metadatos suministrados por el editor y otras fuentes. aRecurso electrónico. Santa Fe, Arg.: elibro, 2022. Disponible vía World Wide Web. El acceso puede estar limitado para las bibliotecas afiliadas a elibro. 4aCulturaxFilosofía. 0aLatin AmericaxCivilization. 4aLibros electrónicos.1 aBenjamin, Walter,d1892-1940.1 aMartín B., Jesúsq(Martín Barbero)1 aHerlinghaus, Hermann,d1954-2 aelibro, Corp.40uhttps://elibro.net/ereader/politecnicointernacional/202760 c53935d53935